书目信息 |
| 题名: |
从范式到找形
|
|
| 作者: | 戴航 , 王倩 著 | |
| 分册: | ||
| 出版信息: | 南京 东南大学出版社 2019.12 |
|
| 页数: | 335页 | |
| 开本: | 26cm | |
| 丛书名: | 结构·形式·建筑研究丛书 | |
| 单 册: | ||
| 中图分类: | TU318 | |
| 科图分类: | ||
| 主题词: | 建筑结构--jian zhu jie gou--结构设计 | |
| 电子资源: | ||
| ISBN: | 978-7-5641-8698-2 | |
| 000 | 01432nam 2200361 450 | |
| 001 | CAL 0120203074643 | |
| 005 | 20201019131105.3 | |
| 010 | @a978-7-5641-8698-2@dCNY78.00 | |
| 092 | @aCN@bRt944-3119 | |
| 100 | @a20201019d2019 em y0chiy0120 ea | |
| 101 | 0 | @achi |
| 102 | @aCN@b320000 | |
| 105 | @aa a 000yy | |
| 106 | @ar | |
| 200 | 1 | @a从范式到找形@Acong fan shi dao zhao xing@e建筑设计的结构方法@f戴航, 王倩著 |
| 210 | @a南京@c东南大学出版社@d2019.12 | |
| 215 | @a335页@c图 (部分彩图)@d26cm | |
| 225 | 2 | @a结构·形式·建筑研究丛书@Ajie gou · xing shi · jian zhu yan jiu cong shu |
| 312 | @a英文题名取自封面 | |
| 314 | @a戴航, 博士, 东南大学建筑学院和土木工程学院教授等职。王倩, 东南大学建筑学博士等职。 | |
| 320 | @a有书目 (第326-332页) | |
| 330 | @a本书系统梳理了建筑设计中结构找形技术和实践的发展历史和脉络, 对建筑设计中结构找形的技术策略, 实现路径, 操作平台进行了详细论述, 并用实际的建筑设计项目进行示范演示。 | |
| 410 | 0 | @12001 @a结构·形式·建筑研究丛书 |
| 510 | 1 | @aFrom lectotype to form-finding@estructural approach to architectural design@zeng |
| 517 | 1 | @a建筑设计的结构方法@Ajian zhu she ji de jie gou fang fa |
| 606 | 0 | @a建筑结构@Ajian zhu jie gou@x结构设计 |
| 690 | @aTU318@v5 | |
| 701 | 0 | @a戴航@Adai hang@4著 |
| 701 | 0 | @a王倩@Awang qian@4著 |
| 801 | 0 | @aCN@b人天书店@c20201019 |
| 901 | @a江苏东南大学出版社 | |
| 905 | @aTSG@b0002124@dTU318@eD112@f2 | |
| 997 | @a期货 | |
| 从范式到找形:建筑设计的结构方法/戴航, 王倩著.-南京:东南大学出版社,2019.12 |
| 335页:图 (部分彩图);26cm.-(结构·形式·建筑研究丛书) |
| ISBN 978-7-5641-8698-2:CNY78.00 |
| 本书系统梳理了建筑设计中结构找形技术和实践的发展历史和脉络, 对建筑设计中结构找形的技术策略, 实现路径, 操作平台进行了详细论述, 并用实际的建筑设计项目进行示范演示。 |
| ● |
| 相关链接 |
|
|
|
正题名:从范式到找形
索取号:TU318/D112
 
预约/预借
| 序号 | 登录号 | 条形码 | 馆藏地/架位号 | 状态 | 备注 |
| 1 | 1538573 | 215385731 | 建筑库101/101建筑库 79排4列4层/ [索取号:TU318/D112] | 在馆 | |
| 2 | 1538574 | 215385740 | 建筑库101/101建筑库 79排4列4层/ [索取号:TU318/D112] | 在馆 |